LEADER 01051nam a2200229 i 4500 001 000000012513 003 CaOOAMICUS 005 20250708141337.0 008 180830n it u000 u ita u 040 $aSeMil$bita 110 0 $aMilano .$0(OLS)http://semarc/name/1840 245 10$aCatalogo delle raccolte numismatiche /$cComune di Milano. 246 04$aLe raccolte numismatiche del Castello Sforzesco 260 $aMilano :$bEdizioni d'Arte Emilio Bestetti,$c[19--]?. 300 $av. ;$c25 cm. 650 4$aNumismatica.$0(OLS)http://semarc/subject/1823 650 4$aMilano - Castello Sforzesco - Raccolte numismatiche.$0(OLS)http://semarc/subject/25926 774 0 $tMonete dell'Impero da Augusto a Traiano.$g1$w()131640 996 $6245$aCatalogo delle raccolte numismatiche$9(OLS)http://semarc/title/16634 996 $6246$aLe raccolte numismatiche del Castello Sforzesco$9(OLS)http://semarc/title/193540 996 $6260$aMilano :$bEdizioni d'Arte Emilio Bestetti$9(OLS)http://semarc/publisher/33457 LEADER 01391nam a2200301 i 4500 001 000000180750 003 CaOOAMICUS 005 20090723000000.0 008 090723s2009 gw u000 u ger u 013 $a158457 020 $a3-402-04897-3 020 $a978-3-402-11191-8 040 $aSeMil$bita 100 1 $aKöhler, Theodor Wolfram .$0(OLS)http://semarc/name/90830 245 13$aDe quodlibet modo hominis :$bAlberts des Großen philosophischer Blick auf den Menschen /$cTheodor W. Köhler. 260 $aMünster :$bAschendorff,$c2009. 300 $a37 p. ;$c23 cm. 490 0 $aLectio Albertina ;$v10 650 4$aAlberto : Magno - Pensiero filosofico.$0(OLS)http://semarc/subject/34333 650 4$aAntropologia filosofica - Sec. 13.-14.$0(OLS)http://semarc/subject/34334 830 0$aLectio Albertina ;$v10.$0(OLS)http://semarc/title/9477 850 $aSeMil 852 $aSeMil$W1$xVenegono$y1$m2IA G 10$j232504$B131498$CSeMilBibl$Z2$F143373 $81 961 $aSottoscrizione: Aschendorff 996 $6020$a3-402-04897-3$9(OLS)http://semarc/number/73491 996 $6020$a978-3-402-11191-8$9(OLS)http://semarc/number/170143 996 $6245$aDe quodlibet modo hominis :$bAlberts des Großen philosophischer Blick auf den Menschen$9(OLS)http://semarc/title/259575 996 $6260$aMünster :$bAschendorff$9(OLS)http://semarc/publisher/29674